| 000 | 00827cam a22002654a 4500 | ||
|---|---|---|---|
| 003 | UPN | ||
| 005 | 20220921063449.0 | ||
| 008 | 160729s2010 es a r 000 0 spa d | ||
| 020 | _a9788466220385 | ||
| 035 | _aUPN01000211999 | ||
| 040 |
_aUPN _bspa _cUPN |
||
| 049 | _aI | ||
| 050 | 4 |
_aQH541.5 S3 _bH4.8 |
|
| 100 | 1 |
_aHelbrough, Emma _939831 |
|
| 245 | 1 | 3 |
_aLa vida en los océanos / _cEmma Helbrough ; il. Betti Ferrero ; tr. Ma. Jesús Sevillano Ureta. |
| 260 |
_aMadrid : _bLibsa, _c2010. |
||
| 300 |
_a32 p. : _bil. |
||
| 490 | 0 | _aEnciclopedia del saber | |
| 534 |
_pTítulo original: _tThe oceans |
||
| 650 | 4 |
_aOCEANO - _vLITERATURA INFANTIL _911223 |
|
| 650 | 4 |
_aANIMALES MARINOS - _vLITERATURA INFANTIL _922270 |
|
| 650 | 7 |
_aBiología _vLiteratura infantil _2 _94652 |
|
| 905 | _aInfantil | ||
| 942 |
_2lcc _cLIBRO |
||
| 999 |
_c184100 _d184100 |
||